000 00620nam a2200229Ia 4500
003 OSt
005 20220927104736.0
006 a|||||r|||| 00| 0
007 ta
008 220926b |||||||| |||| 00| 0 eng d
024 _a147701
037 _cReference Collections
040 _aRTL
_cRTL
_beng
041 _2eng
_aeng
082 _a"X7:8F.237r, M5/GD"
110 _aRAJASTHAN (Govt. of-)
_9366985
245 0 _aAppropriation Accounts 1985
260 _c1985
700 _aRAJASTHAN (Govt. of-)
_9366986
942 _h"X7:8F.237r, M5/GD"
_cCC
999 _c688466
_d688466